000 02681nam a2200229Ia 4500
003 Ost
005 20260507075729.0
008 260507s9999||||xx |||||||||||||| ||und||
020 _a349279977
040 _cfsecg
041 _aara
082 _a381.142
100 _aعليوه، السيد
_eمؤلف
245 0 _aالتجارة الالكترونية ومهارات التسويق العلمي /
_c السيد عليوه
260 _aمصر:
_bدار الامين,
_c2002
300 _a260 صفحة؛
_c24 سم
504 _aبيبليوغرافيا : ص.260
520 _aيتناول هذا الكتاب: أولاً : التجارة الإلكترونية : حول تعريف التجارة الالكترونية : الدول النامية والتطور في التجارة الالكترونية : التجارة الالكترونية .. الفرص والتحديات (الموقف المصري) : دور الإنترنت في التجارة الالكترونية : إدارة التجارة الالكترونية : الجوانب القانونية للتبادل الإلكتروني للبيانات التجارية في مجال تكوين العقود وإثبات الحقوق : لائحة نظام التجارة الاكترونية العالمية (يوليو 1997) : شركات تعمل عبر الانترنت : أنباء وأخبار متفرقة عن التجارة الإلكترونية : معيار الأمم المتحدة في التبادل الالكتروني للمعلومات : نموذج برنامج تدريبي حول التجارة الإلكترونية (مبادرة التجارة الالكترونية للدول العربية) : أقوال من الإنترنت حول التجارة الإلكترونية-ثانياً : مهارات التسويق العلمي : المفهوم التسويقي الحديث والبيئة التسويقية : ماهية التسويق : الاتجاهات افكرية لسلوك الإدارة حيال المشتري : أسس تطبيقية : صعوبات تطبيقية المفهوم الحديث للتسويق في منشآت الإنتاج الصناعي وأساليب العلاج المناسبة : بحوث التسويق : تعريف بحوث التسويق : خطوات البحوث البدائية : نموذج عملي في بحوث التسويق : سياسات طرق ومنافذ التوزيع : استراتيجية الترويج وسلوك المستهلك : مكونات المزيج الترويجي : نموذج الاتصالات التسويقية.
653 _aالتجارة الالكترونية
653 _aالتسويق
942 _cكتاب
999 _c46018
_d46018